00947nam a22002417a 45000010005000000030006000050050017000110080041000280200018000690400029000870500008001160820010001241000011001342450054001452500040001992600042002393000048002815050008003295200285003375210029006225210020006516500034006717999FISKH20250818151729.0250818b cb ||||| |||| 00| 0 eng d a9781407584515 aFISKHbengcFISKHdFISKH aPZ7 a813.6 aDisnep aPinocchio : bThe magic story / cBy Walt Disnep  aFirst published by Parragon in 2010 aBath, New York : c2010.bPaRRagon ,  a29 pages : bcolor illustrator ; c23 cm .  aH  aWhen Geppetto makes a wish for his puppet Pinocchio to become a real boy, the Blue Fairy brings the wooden boy to life! But Pinocchio will only become a real boy for good if he can prove himself to be brave and truthful. Luckily, Jiminy Cricket is there to help him along the way.8 a400 bLexile estimate 8 aH bRaz-Plus  aDisney PrincessesvFairy tale